| 000 | 00427pab a2200157 454500 | ||
|---|---|---|---|
| 008 | 180718b2011 xxu||||| |||| 00| 0 eng d | ||
| 100 | _aDeshpande, Lalit | ||
| 245 | _aOccupational citizenship: Foundation of Utopia of good society (Review article) | ||
| 260 | _c2011 | ||
| 300 | _ap.735-749. | ||
| 362 | _aOct-Dec | ||
| 650 | _aOccupations | ||
| 773 | _aIndian Journal of Labour Economics | ||
| 908 | _aN | ||
| 909 | _a96753 | ||
| 999 |
_c96753 _d96753 |
||